000 00385nam a22001577a 4500
999 _c259086
_d259085
003 OSt
005 20200825122723.0
008 200825b xxu||||| |||| 00| 0 eng d
020 _a0130625922
040 _cN/A
100 _aNeil A.Campbell et al
245 _aBiology:
_bExploring Life
250 _aStudent Edition
260 _aNew Jersey
_bPrentice Hall
_c2004
942 _2lcc
_cBK